[Event "World Chess Olympiad 2018"]
[Site "Batumi"]
[Date "2018.09.25"]
[Round "2"]
[Board "1"]
[WhiteFideId "3100022"]
[White "Sosa Trani Luis A."]
[BlackFideId "22000046"]
[Black "Al Mashikhi Salim Aliyan"]
[Result "1/2-1/2"]
[LiveChessVersion "1.4.8"]
[BlackElo "2095"]
[WhiteElo "2054"]

1. e4 {[%clk 1:30:56]} c5 {[%clk 1:30:36]} 2. Nf3 {[%clk 1:31:20]} Nc6
{[%clk 1:30:04]} 3. Bb5 {[%clk 1:31:39]} Nd4 {[%clk 1:29:40]} 4. Nxd4
{[%clk 1:31:42]} cxd4 {[%clk 1:29:57]} 5. O-O {[%clk 1:31:57]} g6
{[%clk 1:29:16]} 6. d3 {[%clk 1:27:36]} Bg7 {[%clk 1:29:20]} 7. f4
{[%clk 1:19:35]} e6 {[%clk 1:27:27]} 8. Nd2 {[%clk 1:13:39]} a6 {[%clk 1:26:23]}
9. Ba4 {[%clk 1:12:25]} b5 {[%clk 1:25:34]} 10. Bb3 {[%clk 1:12:54]} Ne7
{[%clk 1:25:31]} 11. Nf3 {[%clk 1:07:36]} d6 {[%clk 1:24:22]} 12. Qe1
{[%clk 1:07:19]} Bb7 {[%clk 1:16:24]} 13. Bd2 {[%clk 0:44:17]} O-O
{[%clk 1:16:03]} 14. Qh4 {[%clk 0:40:09]} Nc6 {[%clk 1:04:28]} 15. Qh3
{[%clk 0:38:32]} Na5 {[%clk 1:03:55]} 16. f5 {[%clk 0:36:18]} Nxb3
{[%clk 1:01:37]} 17. axb3 {[%clk 0:34:55]} exf5 {[%clk 1:01:28]} 18. Bh6
{[%clk 0:21:26]} fxe4 {[%clk 0:59:59]} 19. Ng5 {[%clk 0:20:25]} Bc8
{[%clk 0:56:54]} 20. Qh4 {[%clk 0:20:40]} f6 {[%clk 0:52:33]} 21. Nxe4
{[%clk 0:18:37]} d5 {[%clk 0:46:54]} 22. Bxg7 {[%clk 0:17:46]} Kxg7
{[%clk 0:47:09]} 23. Nc5 {[%clk 0:18:05]} Qd6 {[%clk 0:44:46]} 24. Qxd4
{[%clk 0:18:17]} Qe5 {[%clk 0:45:08]} 25. Qxe5 {[%clk 0:16:25]} fxe5
{[%clk 0:45:25]} 26. Rxf8 {[%clk 0:16:50]} Kxf8 {[%clk 0:45:08]} 27. Re1
{[%clk 0:17:19]} e4 {[%clk 0:42:23]} 28. dxe4 {[%clk 0:16:49]} dxe4
{[%clk 0:42:35]} 29. Rxe4 {[%clk 0:16:52]} Bf5 {[%clk 0:42:23]} 30. Rf4
{[%clk 0:12:44]} Ke7 {[%clk 0:41:26]} 31. g4 {[%clk 0:13:00]} Bxc2
{[%clk 0:40:58]} 32. Rd4 {[%clk 0:12:33]} Rd8 {[%clk 0:40:18]} 33. Rxd8
{[%clk 0:12:53]} Kxd8 {[%clk 0:40:18]} 34. b4 {[%clk 0:13:18]} Kc7
{[%clk 0:38:51]} 35. Nxa6+ {[%clk 0:13:08]} Kd6 {[%clk 0:38:47]} 36. Kf2
{[%clk 0:13:08]} Kd5 {[%clk 0:37:42]} 37. Ke3 {[%clk 0:13:29]} Kc4
{[%clk 0:32:57]} 38. Kf4 {[%clk 0:11:30]} h5 {[%clk 0:31:36]} 39. Kg5
{[%clk 0:11:32]} hxg4 {[%clk 0:31:27]} 40. Kxg4 {[%clk 0:42:01]} Kb3
{[%clk 1:01:10]} 41. Kg5 {[%clk 0:42:19]} Kxb2 {[%clk 1:00:44]} 42. h4
{[%clk 0:42:41]} Kc3 {[%clk 1:00:06]} 43. h5 {[%clk 0:40:58]} gxh5
{[%clk 0:57:52]} 44. Kxh5 {[%clk 0:41:26]} Kc4 {[%clk 0:57:54]} 45. Kg5
{[%clk 0:41:36]} Be4 {[%clk 0:58:01]} 46. Kf4 {[%clk 0:41:56]} Bb7
{[%clk 0:58:10]} 47. Nc7 {[%clk 0:42:25]} 1/2-1/2

[Event "World Chess Olympiad 2018"]
[Site "Batumi"]
[Date "2018.09.25"]
[Round "2"]
[Board "2"]
[WhiteFideId "22000100"]
[White "Salim Al Maashani Amer Said"]
[BlackFideId "3105873"]
[Black "Mejias Nunez Rafael E."]
[Result "1-0"]
[LiveChessVersion "1.4.8"]
[BlackElo "1943"]
[WhiteElo "2038"]

1. e4 {[%clk 1:30:56]} e5 {[%clk 1:30:04]} 2. Nc3 {[%clk 1:30:56]} Bc5
{[%clk 1:26:28]} 3. Bc4 {[%clk 1:29:08]} Nf6 {[%clk 1:25:40]} 4. Nf3
{[%clk 1:27:56]} d6 {[%clk 1:25:23]} 5. d3 {[%clk 1:24:33]} c6 {[%clk 1:24:57]}
6. O-O {[%clk 1:19:21]} b5 {[%clk 1:23:56]} 7. Bb3 {[%clk 1:19:45]} a5
{[%clk 1:24:18]} 8. a4 {[%clk 1:19:29]} b4 {[%clk 1:24:45]} 9. Ne2
{[%clk 1:18:03]} O-O {[%clk 1:25:12]} 10. Ng3 {[%clk 1:17:20]} Qb6
{[%clk 1:24:24]} 11. h3 {[%clk 1:16:40]} Re8 {[%clk 1:16:37]} 12. Bg5
{[%clk 1:08:52]} Nbd7 {[%clk 1:11:18]} 13. Nf5 {[%clk 1:03:18]} d5
{[%clk 1:11:11]} 14. Qe2 {[%clk 0:51:17]} Ba6 {[%clk 1:01:27]} 15. Nd2
{[%clk 0:48:25]} Bf8 {[%clk 0:58:34]} 16. Qf3 {[%clk 0:47:57]} dxe4
{[%clk 0:42:27]} 17. Nxe4 {[%clk 0:47:50]} Nd5 {[%clk 0:41:48]} 18. Qg4
{[%clk 0:36:39]} g6 {[%clk 0:29:24]} 19. Bh6 {[%clk 0:28:33]} Qc7
{[%clk 0:19:20]} 20. Bxf8 {[%clk 0:23:00]} Rxf8 {[%clk 0:12:51]} 21. Nh6+
{[%clk 0:17:38]} Kh8 {[%clk 0:12:46]} 22. Qh4 {[%clk 0:17:32]} Kg7
{[%clk 0:04:35]} 23. Ng5 {[%clk 0:15:55]} N7f6 {[%clk 0:03:00]} 24. Nhxf7
{[%clk 0:15:33]} Bc8 {[%clk 0:03:14]} 25. Qh6+ {[%clk 0:12:11]} Kg8
{[%clk 0:03:06]} 26. Bxd5 {[%clk 0:11:04]} cxd5 {[%clk 0:03:32]} 27. Nxh7
{[%clk 0:09:46]} Qxf7 {[%clk 0:03:04]} 28. Nxf8 {[%clk 0:10:04]} Qxf8
{[%clk 0:03:33]} 29. Qxg6+ {[%clk 0:10:32]} Qg7 {[%clk 0:03:59]} 30. Qxg7+
{[%clk 0:10:21]} Kxg7 {[%clk 0:04:27]} 31. Rae1 {[%clk 0:10:21]} e4
{[%clk 0:04:43]} 32. f3 {[%clk 0:07:16]} Ba6 {[%clk 0:04:31]} 33. fxe4
{[%clk 0:06:24]} dxe4 {[%clk 0:04:59]} 34. Re3 {[%clk 0:05:26]} Rd8
{[%clk 0:03:49]} 35. Rg3+ {[%clk 0:04:36]} Kf7 {[%clk 0:04:05]} 36. Rf5
{[%clk 0:04:17]} exd3 {[%clk 0:03:49]} 37. cxd3 {[%clk 0:04:45]} Bxd3
{[%clk 0:01:40]} 38. Rxa5 {[%clk 0:04:51]} Ne4 {[%clk 0:01:10]} 39. Rf3+
{[%clk 0:03:31]} Kg6 {[%clk 0:01:13]} 40. Rff5 {[%clk 0:33:11]} Bc2
{[%clk 0:30:35]} 41. Rfd5 {[%clk 0:30:45]} Rc8 {[%clk 0:24:06]} 42. Ra6+
{[%clk 0:31:01]} Kg7 {[%clk 0:23:20]} 43. Rd7+ {[%clk 0:30:53]} Kg8
{[%clk 0:23:04]} 44. Raa7 {[%clk 0:27:58]} Bb3 {[%clk 0:22:27]} 45. Rd4
{[%clk 0:26:00]} Nc5 {[%clk 0:19:51]} 46. Rxb4 {[%clk 0:25:54]} Bxa4
{[%clk 0:20:01]} 47. Rbxa4 {[%clk 0:26:07]} Nxa4 {[%clk 0:20:29]} 48. Rxa4
{[%clk 0:26:29]} Rb8 {[%clk 0:20:54]} 49. Ra7 {[%clk 0:26:44]} Rxb2
{[%clk 0:21:18]} 50. Kh2 {[%clk 0:27:06]} Rd2 {[%clk 0:19:25]} 51. h4
{[%clk 0:27:22]} Rd4 {[%clk 0:19:03]} 52. Kh3 {[%clk 0:27:43]} Rd1
{[%clk 0:18:07]} 53. h5 {[%clk 0:27:57]} Rh1+ {[%clk 0:18:12]} 54. Kg4
{[%clk 0:28:19]} Rg1 {[%clk 0:17:45]} 55. g3 {[%clk 0:28:43]} Rh1
{[%clk 0:18:11]} 56. Kg5 {[%clk 0:29:03]} Rh3 {[%clk 0:18:33]} 57. g4
{[%clk 0:29:20]} Rc3 {[%clk 0:18:05]} 58. h6 {[%clk 0:29:29]} 1-0

[Event "World Chess Olympiad 2018"]
[Site "Batumi"]
[Date "2018.09.25"]
[Round "2"]
[Board "3"]
[WhiteFideId "3100715"]
[White "Diaz Montes Edwin"]
[BlackFideId "22000089"]
[Black "Salim Mohammed Salim Al Amri"]
[Result "1-0"]
[LiveChessVersion "1.4.8"]
[BlackElo "1940"]
[WhiteElo "2034"]

1. Nf3 {[%clk 1:30:50]} Nf6 {[%clk 1:30:52]} 2. c4 {[%clk 1:31:15]} b6
{[%clk 1:30:59]} 3. g3 {[%clk 1:31:38]} Bb7 {[%clk 1:29:33]} 4. Bg2
{[%clk 1:32:03]} e6 {[%clk 1:29:02]} 5. O-O Be7 {[%clk 1:28:49]} 6. d4
{[%clk 1:30:38]} O-O {[%clk 1:28:27]} 7. d5 {[%clk 1:30:08]} exd5
{[%clk 1:26:05]} 8. Nh4 {[%clk 1:29:35]} c6 {[%clk 1:20:07]} 9. Nf5
{[%clk 1:22:41]} dxc4 {[%clk 1:19:09]} 10. e4 {[%clk 1:17:56]} d6
{[%clk 1:13:22]} 11. Bf4 {[%clk 1:15:08]} d5 {[%clk 1:11:35]} 12. Nc3
{[%clk 1:12:30]} Na6 {[%clk 1:05:22]} 13. exd5 {[%clk 1:12:32]} cxd5
{[%clk 1:05:29]} 14. Nxd5 {[%clk 1:12:15]} Nxd5 {[%clk 1:05:10]} 15. Bxd5
{[%clk 1:12:21]} Bxd5 {[%clk 1:05:14]} 16. Qxd5 {[%clk 1:12:37]} Qxd5
{[%clk 0:59:14]} 17. Nxe7+ {[%clk 1:12:56]} Kh8 {[%clk 0:59:39]} 18. Nxd5
{[%clk 1:13:19]} Nc5 {[%clk 0:59:59]} 19. Bd6 {[%clk 1:09:05]} Rfd8
{[%clk 1:00:23]} 20. Bxc5 {[%clk 1:09:27]} Rxd5 {[%clk 1:00:42]} 21. Be3
{[%clk 1:09:44]} Rad8 {[%clk 1:00:53]} 22. Rfc1 {[%clk 1:09:03]} b5
{[%clk 0:58:40]} 23. Bxa7 {[%clk 1:06:15]} h5 {[%clk 0:55:05]} 24. a4
{[%clk 1:04:25]} h4 {[%clk 0:55:08]} 25. axb5 {[%clk 1:04:13]} Rxb5
{[%clk 0:55:15]} 26. Rxc4 {[%clk 1:03:23]} hxg3 {[%clk 0:55:39]} 27. hxg3
{[%clk 1:03:35]} Rxb2 {[%clk 0:55:58]} 28. Be3 {[%clk 1:03:09]} Kh7
{[%clk 0:55:53]} 29. Ra7 {[%clk 1:03:18]} Rd1+ {[%clk 0:51:27]} 30. Kg2
{[%clk 1:03:19]} Rd3 {[%clk 0:48:07]} 31. Bf4 {[%clk 1:01:55]} Kg6
{[%clk 0:46:41]} 32. Rc6+ {[%clk 1:01:44]} f6 {[%clk 0:34:14]} 33. Rcc7
{[%clk 1:01:54]} Kf5 {[%clk 0:32:46]} 34. Rxg7 {[%clk 1:02:03]} Rd4
{[%clk 0:32:06]} 35. Ra5+ {[%clk 1:01:43]} Ke6 {[%clk 0:32:26]} 36. Ra6+
{[%clk 1:02:07]} Kf5 {[%clk 0:32:28]} 37. Rf7 {[%clk 1:02:28]} Kg4
{[%clk 0:32:43]} 38. Raxf6 {[%clk 1:02:27]} Rxf4 {[%clk 0:31:26]} 39. Rxf4+
{[%clk 1:02:47]} Kg5 {[%clk 0:31:50]} 40. Rg7+ {[%clk 1:32:04]} Kh6
{[%clk 1:02:08]} 41. Rg8 {[%clk 1:31:31]} Kh7 {[%clk 1:02:26]} 42. Rfg4
{[%clk 1:31:38]} Ra2 {[%clk 1:02:17]} 43. R8g7+ {[%clk 1:28:43]} Kh6
{[%clk 1:02:25]} 44. R4g6+ {[%clk 1:28:54]} Kh5 {[%clk 1:02:27]} 45. g4+
{[%clk 1:29:19]} 1-0

[Event "World Chess Olympiad 2018"]
[Site "Batumi"]
[Date "2018.09.25"]
[Round "2"]
[Board "4"]
[WhiteFideId "22000526"]
[White "Al Kathiri Salim Said"]
[BlackFideId "3100030"]
[Black "Freyre Forest Jorge"]
[Result "0-1"]
[LiveChessVersion "1.4.8"]
[BlackElo "2016"]
[WhiteElo "1773"]

1. e4 {[%clk 1:30:54]} e6 {[%clk 1:30:57]} 2. d4 {[%clk 1:31:02]} d5
{[%clk 1:31:21]} 3. Nc3 {[%clk 1:31:14]} Bb4 {[%clk 1:31:32]} 4. exd5
{[%clk 1:30:49]} exd5 {[%clk 1:31:55]} 5. Bd3 {[%clk 1:30:55]} Ne7
{[%clk 1:26:48]} 6. Qh5 {[%clk 1:30:03]} Nd7 {[%clk 1:17:43]} 7. a3
{[%clk 1:29:09]} Nf6 {[%clk 1:12:34]} 8. Qg5 {[%clk 1:24:27]} Bxc3+
{[%clk 1:12:23]} 9. bxc3 {[%clk 1:24:43]} O-O {[%clk 1:12:52]} 10. f3
{[%clk 1:21:48]} c5 {[%clk 1:06:17]} 11. g4 {[%clk 1:13:14]} Re8 {[%clk 1:00:27]}
12. Kf2 {[%clk 1:10:31]} c4 {[%clk 0:55:23]} 13. Be2 {[%clk 1:07:49]} Bxg4
{[%clk 0:54:22]} 14. Qh4 {[%clk 0:55:40]} Ng6 {[%clk 0:43:03]} 15. Qg3
{[%clk 0:54:30]} Bf5 {[%clk 0:40:39]} 16. Bd1 {[%clk 0:54:19]} h6
{[%clk 0:37:08]} 17. Ne2 {[%clk 0:53:28]} Nh5 {[%clk 0:36:32]} 18. Qg1
{[%clk 0:49:09]} Qh4+ {[%clk 0:35:22]} 19. Ng3 {[%clk 0:48:40]} Ngf4
{[%clk 0:32:29]} 20. h3 {[%clk 0:43:26]} Bxc2 {[%clk 0:31:17]} 21. Bxf4
{[%clk 0:41:59]} Nxf4 {[%clk 0:31:32]} 22. Bxc2 {[%clk 0:25:16]} Re2+
{[%clk 0:31:14]} 23. Kf1 {[%clk 0:25:23]} Rxc2 {[%clk 0:31:12]} 24. Nf5
{[%clk 0:24:50]} Qf6 {[%clk 0:30:34]} 25. Qg4 {[%clk 0:24:25]} Nd3
{[%clk 0:29:07]} 26. Kg1 {[%clk 0:19:47]} Nf2 {[%clk 0:25:15]} 27. Qf4
{[%clk 0:18:46]} Nxh1 {[%clk 0:25:29]} 28. Kxh1 {[%clk 0:19:00]} Re8
{[%clk 0:23:04]} 29. Rg1 {[%clk 0:18:21]} Ree2 30. Ne7+ {[%clk 0:09:31]} Qxe7
{[%clk 0:22:05]} 31. Qg3 {[%clk 0:09:01]} Rh2+ {[%clk 0:21:22]} 32. Qxh2
{[%clk 0:09:19]} Rxh2+ {[%clk 0:20:14]} 33. Kxh2 {[%clk 0:09:07]} Qxa3
{[%clk 0:20:41]} 0-1

[Event "World Chess Olympiad 2018"]
[Site "Batumi"]
[Date "2018.09.25"]
[Round "2"]
[Board "4"]
[WhiteFideId "2205505"]
[White "Palacios Perez Manuel"]
[BlackFideId "10200649"]
[Black "Hossain Enamul"]
[Result "0-1"]
[LiveChessVersion "1.4.8"]
[BlackElo "2452"]
[WhiteElo "2151"]

1. d4 Nf6 2. c4 e6 3. Nf3 c5 4. d5 exd5 5. cxd5 d6 6. Nc3 g6 7. Nd2 Nbd7 8. e4 a6
9. a4 Bg7 10. Be2 O-O 11. Nc4 Nb6 12. Ne3 Bd7 13. O-O Re8 14. Qc2 Rb8 15. Re1 Nc8
16. a5 Na7 17. Nc4 Nb5 18. Nxb5 Bxb5 19. f3 Nh5 20. g3 Bxc4 21. Bxc4 f5 22. Kg2
Bd4 23. Bd2 fxe4 24. Rxe4 Rxe4 25. Qxe4 Bxb2 26. Rb1 Be5 27. f4 Nf6 28. Qe2 Bd4
29. Qe6+ Kg7 30. Rb6 Ne8 31. f5 g5 32. h4 Bf6 33. hxg5 Bxg5 34. Bc3+ Kf8 35. f6
Bxf6 36. Bxf6 Qxf6 37. Qxf6+ Nxf6 38. Rxd6 Ng4 39. Bd3 h5 40. Rb6 Ne3+ 41. Kh3
Nxd5 42. Rh6 Kg7 43. Rh7+ Kf6 44. Rxh5 Ne3 45. g4 c4 46. g5+ Ke5 47. Bh7 Rc8 48.
Kg3 c3 49. Rh1 Rc7 50. Kf3 c2 51. Rc1 Nf5 52. Ke2 Rxh7 0-1

[Event "World Chess Olympiad 2018"]
[Site "Batumi"]
[Date "2018.09.25"]
[Round "2"]
[Board "1"]
[WhiteFideId "6302718"]
[White "Yilmaz Mustafa"]
[BlackFideId "6351921"]
[Black "Saraci Nderim"]
[Result "1-0"]
[LiveChessVersion "1.4.8"]
[BlackElo "2408"]
[WhiteElo "2633"]

1. d4 {[%clk 1:30:56]} Nf6 {[%clk 1:30:50]} 2. c4 {[%clk 1:31:20]} e6
{[%clk 1:30:51]} 3. Nf3 {[%clk 1:31:44]} d5 {[%clk 1:29:57]} 4. Nc3
{[%clk 1:31:54]} dxc4 {[%clk 1:28:28]} 5. e4 {[%clk 1:31:59]} Bb4
{[%clk 1:28:05]} 6. Bg5 {[%clk 1:31:32]} h6 {[%clk 1:22:46]} 7. Bxf6
{[%clk 1:31:40]} Qxf6 {[%clk 1:23:00]} 8. Bxc4 {[%clk 1:32:04]} c5
{[%clk 1:14:40]} 9. e5 {[%clk 1:30:00]} Qd8 {[%clk 1:12:04]} 10. O-O
{[%clk 1:29:58]} cxd4 {[%clk 1:08:16]} 11. Ne4 {[%clk 1:28:03]} Nc6
{[%clk 1:08:28]} 12. Qe2 {[%clk 1:27:00]} Bd7 {[%clk 1:04:43]} 13. Rfd1
{[%clk 1:20:53]} Qb6 {[%clk 0:59:24]} 14. a3 {[%clk 1:18:19]} Be7
{[%clk 0:59:35]} 15. b4 {[%clk 1:18:04]} O-O-O {[%clk 0:43:11]} 16. Rac1
{[%clk 1:06:34]} Kb8 {[%clk 0:42:28]} 17. Bd3 {[%clk 1:05:54]} f6
{[%clk 0:37:26]} 18. Nc5 {[%clk 0:55:54]} Bxc5 {[%clk 0:30:39]} 19. Rxc5
{[%clk 0:55:05]} Ne7 {[%clk 0:20:18]} 20. Nd2 {[%clk 0:48:40]} Rc8
{[%clk 0:13:25]} 21. Nc4 {[%clk 0:44:20]} Qd8 {[%clk 0:13:46]} 22. Nd6
{[%clk 0:44:02]} Rxc5 {[%clk 0:13:45]} 23. bxc5 {[%clk 0:44:26]} Bc6
{[%clk 0:12:26]} 24. Be4 {[%clk 0:37:28]} Qd7 {[%clk 0:10:38]} 25. Bxc6
{[%clk 0:33:59]} Nxc6 {[%clk 0:09:24]} 26. Rb1 {[%clk 0:34:02]} fxe5
{[%clk 0:05:41]} 27. Qa6 {[%clk 0:29:18]} Nd8 {[%clk 0:02:29]} 28. Nxb7
{[%clk 0:28:41]} Qxb7 {[%clk 0:01:19]} 29. Rxb7+ {[%clk 0:26:42]} Nxb7
{[%clk 0:01:45]} 30. Qxe6 {[%clk 0:26:55]} 1-0

[Event "World Chess Olympiad 2018"]
[Site "Batumi"]
[Date "2018.09.25"]
[Round "2"]
[Board "4"]
[WhiteFideId "4212312"]
[White "Pavlidis Antonios"]
[BlackFideId "13800027"]
[Black "Mamatov Melis"]
[Result "1-0"]
[LiveChessVersion "1.4.8"]
[BlackElo "2196"]
[WhiteElo "2552"]

1. e4 {[%clk 1:30:57]} c5 {[%clk 1:30:51]} 2. Nf3 {[%clk 1:31:13]} d6
{[%clk 1:31:07]} 3. Bb5+ {[%clk 1:31:32]} Bd7 {[%clk 1:30:39]} 4. Bxd7+
{[%clk 1:31:53]} Qxd7 {[%clk 1:30:45]} 5. O-O {[%clk 1:32:08]} Nc6
{[%clk 1:30:37]} 6. c3 {[%clk 1:32:29]} Nf6 {[%clk 1:31:05]} 7. Re1
{[%clk 1:32:46]} e6 {[%clk 1:28:15]} 8. d4 {[%clk 1:33:09]} cxd4 {[%clk 1:28:29]}
9. cxd4 {[%clk 1:33:34]} d5 {[%clk 1:28:50]} 10. e5 {[%clk 1:34:00]} Ne4
{[%clk 1:26:12]} 11. Nbd2 {[%clk 1:34:26]} Nxd2 {[%clk 1:24:53]} 12. Bxd2
{[%clk 1:34:50]} Be7 {[%clk 1:22:00]} 13. Rc1 {[%clk 1:34:49]} O-O
{[%clk 1:14:52]} 14. Rc3 {[%clk 1:35:11]} f6 {[%clk 1:01:53]} 15. exf6
{[%clk 1:25:38]} Bxf6 {[%clk 1:00:31]} 16. Bf4 {[%clk 1:03:24]} Bxd4
{[%clk 0:46:30]} 17. Nxd4 {[%clk 1:01:44]} Rxf4 {[%clk 0:46:48]} 18. Nxe6
{[%clk 1:02:08]} Rf6 {[%clk 0:41:29]} 19. Rce3 {[%clk 0:58:35]} Qd6
{[%clk 0:35:06]} 20. Qd3 {[%clk 0:44:41]} Nb4 {[%clk 0:24:25]} 21. Qb5
{[%clk 0:41:35]} Qb6 {[%clk 0:19:37]} 22. Qd7 {[%clk 0:28:15]} Rf7
{[%clk 0:18:57]} 23. Ng5 {[%clk 0:28:13]} Rff8 {[%clk 0:19:01]} 24. Ne6
{[%clk 0:24:04]} Rf7 {[%clk 0:19:14]} 25. Ng5 {[%clk 0:24:14]} Rff8
{[%clk 0:19:42]} 26. Rf3 {[%clk 0:22:24]} Qc6 {[%clk 0:08:55]} 27. Qg4
{[%clk 0:20:18]} Rxf3 {[%clk 0:08:42]} 28. Nxf3 {[%clk 0:18:18]} Nd3
{[%clk 0:07:10]} 29. Re7 {[%clk 0:16:50]} Qf6 {[%clk 0:02:31]} 30. Qd7
{[%clk 0:16:26]} Nf4 {[%clk 0:01:41]} 31. g3 {[%clk 0:13:41]} Ng6
{[%clk 0:00:33]} 32. Qxd5+ {[%clk 0:13:38]} Kh8 {[%clk 0:00:43]} 33. Rxb7
{[%clk 0:13:13]} Rd8 {[%clk 0:00:56]} 34. Qf7 {[%clk 0:10:14]} Rd1+
{[%clk 0:00:33]} 35. Kg2 {[%clk 0:10:41]} Qxf7 {[%clk 0:00:33]} 36. Rxf7
{[%clk 0:11:06]} 1-0

[Event "World Chess Olympiad 2018"]
[Site "Batumi"]
[Date "2018.09.25"]
[Round "2"]
[Board "3"]
[WhiteFideId "2212943"]
[White "Lopez Martinez Josep Manuel"]
[BlackFideId "6405096"]
[Black "Guzman Christopher"]
[Result "1-0"]
[LiveChessVersion "1.4.8"]
[BlackElo "2283"]
[WhiteElo "2581"]

1. d4 {[%clk 1:30:51]} Nf6 {[%clk 1:29:04]} 2. c4 {[%clk 1:31:12]} e6
{[%clk 1:28:56]} 3. Nf3 {[%clk 1:31:35]} b6 {[%clk 1:26:54]} 4. g3
{[%clk 1:31:43]} Bb7 {[%clk 1:27:14]} 5. Bg2 {[%clk 1:32:05]} Be7
{[%clk 1:27:35]} 6. O-O {[%clk 1:32:23]} O-O {[%clk 1:27:56]} 7. Re1
{[%clk 1:32:31]} d5 {[%clk 1:21:40]} 8. cxd5 {[%clk 1:31:49]} exd5
{[%clk 1:17:17]} 9. Nc3 {[%clk 1:31:41]} Nc6 {[%clk 1:16:50]} 10. b3
{[%clk 1:18:32]} Ne4 {[%clk 1:11:53]} 11. Bb2 {[%clk 1:18:49]} Nxc3
{[%clk 1:08:59]} 12. Bxc3 {[%clk 1:19:10]} Re8 {[%clk 1:09:28]} 13. e3
{[%clk 1:17:08]} a5 {[%clk 1:09:37]} 14. a3 {[%clk 1:15:31]} Bd6 {[%clk 1:00:39]}
15. Qc2 {[%clk 1:12:55]} Ne7 {[%clk 0:55:05]} 16. Ne5 {[%clk 1:03:50]} Qc8
{[%clk 0:39:52]} 17. Bb2 {[%clk 1:02:01]} f6 {[%clk 0:39:45]} 18. Nd3
{[%clk 1:00:25]} Qf5 {[%clk 0:36:54]} 19. Rac1 {[%clk 1:00:06]} Ng6
{[%clk 0:37:15]} 20. b4 {[%clk 0:50:19]} axb4 {[%clk 0:30:55]} 21. axb4
{[%clk 0:50:36]} Kh8 {[%clk 0:31:15]} 22. Qb3 {[%clk 0:49:17]} Ra7
{[%clk 0:29:49]} 23. Ra1 {[%clk 0:44:00]} Rea8 {[%clk 0:29:44]} 24. Rxa7
{[%clk 0:41:19]} Rxa7 {[%clk 0:30:13]} 25. Rc1 {[%clk 0:40:31]} Ne7
{[%clk 0:29:02]} 26. b5 {[%clk 0:39:43]} Ra5 {[%clk 0:26:30]} 27. Bf1
{[%clk 0:32:19]} h5 {[%clk 0:18:48]} 28. Bc3 {[%clk 0:29:58]} Ra3
{[%clk 0:18:35]} 29. Qb1 {[%clk 0:27:58]} Ra7 {[%clk 0:16:23]} 30. Bb4
{[%clk 0:28:00]} Qd7 {[%clk 0:16:40]} 31. Bxd6 {[%clk 0:27:48]} Qxd6
{[%clk 0:17:08]} 32. Nf4 {[%clk 0:28:04]} Bc8 {[%clk 0:17:08]} 33. h4
{[%clk 0:22:14]} g5 {[%clk 0:14:53]} 34. Ng6+ {[%clk 0:20:47]} Kg7
{[%clk 0:15:10]} 35. Nxe7 {[%clk 0:20:52]} Qxe7 {[%clk 0:15:38]} 36. hxg5
{[%clk 0:21:13]} fxg5 {[%clk 0:15:40]} 37. Rc6 {[%clk 0:21:30]} Be6
{[%clk 0:15:56]} 38. Bh3 {[%clk 0:15:51]} g4 {[%clk 0:13:51]} 39. Bg2
{[%clk 0:15:47]} Qf7 {[%clk 0:14:19]} 40. Qc1 {[%clk 0:44:48]} Kg8
{[%clk 0:40:18]} 41. e4 {[%clk 0:41:57]} dxe4 {[%clk 0:30:57]} 42. Bxe4
{[%clk 0:33:34]} Qe7 {[%clk 0:24:11]} 43. Qh6 {[%clk 0:31:04]} Bf7
{[%clk 0:24:30]} 44. Bh7+ {[%clk 0:29:20]} Kh8 {[%clk 0:24:58]} 45. Bg6+
{[%clk 0:29:37]} Kg8 {[%clk 0:25:22]} 46. Qh7+ {[%clk 0:29:49]} Kf8
{[%clk 0:25:49]} 47. Qh8+ {[%clk 0:30:11]} 1-0

[Event "World Chess Olympiad 2018"]
[Site "Batumi"]
[Date "2018.09.25"]
[Round "2"]
[Board "2"]
[WhiteFideId "937576"]
[White "Ondozi Murtez"]
[BlackFideId "916811"]
[Black "Solak Dragan"]
[Result "0-1"]
[LiveChessVersion "1.4.8"]
[BlackElo "2609"]
[WhiteElo "2402"]

1. d4 {[%clk 1:30:39]} d6 {[%clk 1:30:52]} 2. e4 {[%clk 1:31:01]} Nf6
{[%clk 1:29:22]} 3. Nc3 {[%clk 1:31:06]} Nbd7 {[%clk 1:27:56]} 4. Nf3
{[%clk 1:27:33]} e5 {[%clk 1:28:17]} 5. Be2 {[%clk 1:26:41]} c6 {[%clk 1:25:47]}
6. O-O {[%clk 1:25:36]} b5 {[%clk 1:21:49]} 7. a3 {[%clk 1:24:00]} a6
{[%clk 1:21:26]} 8. Bg5 {[%clk 1:23:12]} Be7 {[%clk 1:18:49]} 9. Qd2
{[%clk 1:20:34]} Qc7 {[%clk 1:08:32]} 10. Rfd1 {[%clk 1:13:13]} h6
{[%clk 1:06:36]} 11. Be3 {[%clk 0:57:45]} Bb7 {[%clk 0:48:35]} 12. dxe5
{[%clk 0:54:39]} dxe5 {[%clk 0:46:38]} 13. Ne1 {[%clk 0:54:23]} Nc5
{[%clk 0:43:40]} 14. f3 {[%clk 0:50:14]} Ne6 {[%clk 0:43:36]} 15. Bf1
{[%clk 0:50:09]} O-O {[%clk 0:38:34]} 16. Qf2 {[%clk 0:49:59]} Nd4
{[%clk 0:29:12]} 17. Bxd4 {[%clk 0:39:36]} exd4 {[%clk 0:29:37]} 18. Qxd4
{[%clk 0:39:55]} c5 {[%clk 0:29:57]} 19. Qf2 {[%clk 0:39:46]} c4 {[%clk 0:29:49]}
20. Kh1 {[%clk 0:39:13]} Bc5 {[%clk 0:26:40]} 21. Qg3 {[%clk 0:34:14]} Qe7
{[%clk 0:24:50]} 22. Qh4 {[%clk 0:27:17]} Rfe8 {[%clk 0:19:06]} 23. g3
{[%clk 0:26:41]} Be3 {[%clk 0:13:53]} 24. Qh3 {[%clk 0:19:58]} Qe5
{[%clk 0:11:34]} 25. Qg2 {[%clk 0:15:22]} Bd4 {[%clk 0:08:54]} 26. Qd2
{[%clk 0:14:43]} Rad8 {[%clk 0:09:04]} 27. Ng2 {[%clk 0:10:43]} Qh5
{[%clk 0:05:51]} 28. Qe2 {[%clk 0:07:39]} Qe5 {[%clk 0:04:35]} 29. Qd2
{[%clk 0:07:50]} Bb6 {[%clk 0:03:24]} 30. Qe1 {[%clk 0:08:01]} Qc5
{[%clk 0:02:35]} 31. Be2 {[%clk 0:08:21]} Bc6 {[%clk 0:02:45]} 32. Rxd8
{[%clk 0:07:52]} Rxd8 {[%clk 0:03:11]} 33. Rd1 {[%clk 0:08:14]} Re8
{[%clk 0:03:16]} 34. Qf1 {[%clk 0:06:19]} Qe5 {[%clk 0:02:47]} 35. Qe1
{[%clk 0:04:25]} Qc5 {[%clk 0:03:09]} 36. Qf1 {[%clk 0:04:50]} g5
{[%clk 0:03:12]} 37. Qe1 {[%clk 0:03:58]} a5 {[%clk 0:03:09]} 38. Qd2
{[%clk 0:02:07]} b4 {[%clk 0:02:38]} 39. axb4 {[%clk 0:01:09]} axb4
{[%clk 0:03:07]} 40. Na2 {[%clk 0:31:08]} Rxe4 {[%clk 0:30:58]} 41. Rf1
{[%clk 0:24:32]} Re8 {[%clk 0:27:22]} 42. Nxb4 {[%clk 0:18:53]} Rxe2
{[%clk 0:25:42]} 43. Qxe2 {[%clk 0:19:21]} Qxb4 {[%clk 0:26:03]} 44. c3
{[%clk 0:19:26]} Qc5 {[%clk 0:26:11]} 45. g4 {[%clk 0:19:30]} Qd5
{[%clk 0:21:29]} 46. h3 {[%clk 0:09:57]} Qd6 {[%clk 0:16:53]} 47. Ne1
{[%clk 0:05:59]} Nd5 {[%clk 0:14:29]} 48. Nc2 {[%clk 0:05:52]} Nf4
{[%clk 0:13:30]} 49. Qxc4 {[%clk 0:05:53]} Qd2 {[%clk 0:11:27]} 50. Ne1
{[%clk 0:05:42]} Ne2 {[%clk 0:08:48]} 0-1